01224 2200229 4500001002100000005001500021035002000036007000300056008004100059020001800100082001000118084001600128100003500144245011700179250001400296300001200310600002400322264003900346336055200385337001900937338003800956INLIS00000000000595020260205015015 a0010-0226000156ta260205 0 ind  a9786233570800 a370.7 a370.7 TIM t0 aTIM SMART EDUCATIONePengarang1 aTOP MASTER KSN KOMPETENSI SAINS NASIONAL ILMU PENGETAHUAN ALAM (IPA) SD/MI :bONE FOR ALL /cTIM SMART EDUCATION aCETAKAN 1 a250 hlm 4aTIM SMART EDUCATION aYOGYAKARTA :bC-KLICK MEDIA,c2023 2rdacontentaTEXT 346 2rdamediaaBUKU 2rdacarrieraMPK RAK KANAN LAJUR 2